00809nam a22002057a 450000500170000001000150001702000220003203500140005403700090006808200110007710000280008824500940011626000550021027000390026530000190030450001030032394200250042699900190045195201330047020250502143129.0 aENG-141085 c140.00a817017497 aEN-124617 bDBAD a650.11 aSUBRAMANIAN V.K.980997 aHEAVENLY LIVING HERE & NOW:bA COMPLETE GUIDE TO TOTAL LIFE MANAGEMENT/cV.K. SUBRAMANIAN aNew delhibShakit Malik Abhinav Publicationsc2014 bNew delhie110016aE-24, Hauz Khas a175pagesc23cm aहर लाइलाज समस्या का इलाज आपके अंदर है  2ddccHNh650.11mIAN c204616d204616 001040718NFICaDBADbDBADd2024-07-30eDBADg350.00l0o650.11 IANpEN-124617r2024-07-30 00:00:00t1v350.00w2024-07-30yEN